[Event "Junior Online 4NCL Division 2"]
[Site "online"]
[Date "2021.03.18"]
[EventDate "2021.03.18"]
[Round "5.45"]
[White "Hirst, Joe"]
[WhiteElo "1879"]
[WhiteTeam "Staffordshire Spitfires"]
[Black "Syposz, Adam"]
[BlackElo "1315"]
[BlackTeam "Cambridge Chess & Go B"]
[Result "1-0"]
[PlyCount "57"]

1. e4 e5 2. Nc3 d6 3. g3 Nf6 4. Bg2 g6 5. Nge2 Bg7 6. O-O O-O 7. d3 Bg4 8. f4 exf4 9. Bxf4 Nh5 10. h3 Nxf4 11. Rxf4 Bd7 12. Rf1 Qg5 13. Kh2 Qe7 14. Nd5 Qd8 15. c3 c6 16. Ne3 d5 17. exd5 cxd5 18. Bxd5 Nc6 19. Nf4 Qc8 20. h4 h6 21. d4 g5 22. hxg5 hxg5 23. Nh5 Ne7 24. Nf6+ Bxf6 25. Rxf6 Nxd5 26. Nxd5 Re8 27. Qh5 Bc6 28. Qxf7+ Kh8 29. Rh6# {[W: 0:02:20; B: 0:06:28]} 1-0

[Event "Junior Online 4NCL Division 2"]
[Site "online"]
[Date "2021.03.18"]
[EventDate "2021.03.18"]
[Round "5.47"]
[White "Stanley, Isaac"]
[WhiteElo "1204"]
[WhiteTeam "Staffordshire Spitfires"]
[Black "Lee, Isaac"]
[BlackElo "1219"]
[BlackTeam "Cambridge Chess & Go B"]
[Result "1-0"]
[PlyCount "49"]

1. d4 d5 2. c4 c6 3. Nc3 Bf5 4. Nf3 Nf6 5. Bf4 Nbd7 6. e3 Qa5 7. Qb3 Qa6 8. cxd5 cxd5 9. Bxa6 bxa6 10. Qb7 Nb6 11. Qc6+ Bd7 12. Qb7 e6 13. Na4 Bxa4 14. Ne5 Bb4+ 15. Ke2 Bb5+ 16. Kf3 O-O 17. a3 Bd6 18. a4 Rfb8 19. Qxf7+ Kh8 20. axb5 Rf8 21. Qxe6 Ne4 22. Nf7+ Kg8 23. Nh6+ Kh8 24. Qg8+ Rxg8 25. Nf7# {[W: 0:07:35; B: 0:07:36]} 1-0

[Event "Junior Online 4NCL Division 2"]
[Site "online"]
[Date "2021.03.18"]
[EventDate "2021.03.18"]
[Round "5.51"]
[White "Singh, Aashish"]
[WhiteElo "1400"]
[WhiteTeam "Leicestershire Juniors 2"]
[Black "Chadha, Ishaan"]
[BlackElo "1159"]
[BlackTeam "Watford Juniors C"]
[Result "1-0"]
[PlyCount "57"]

1. e4 Nf6 2. Nc3 g6 3. d4 d6 4. Nf3 Bg4 5. Be2 Bg7 6. h3 Bxf3 7. Bxf3 Nc6 8. O-O e5 9. d5 Nd4 10. Bg5 O-O 11. Be3 Nxf3+ 12. Qxf3 c6 13. Rad1 cxd5 14. Nxd5 Nxd5 15. Rxd5 Rc8 16. c3 b6 17. Rfd1 Rc6 18. R1d3 f5 19. exf5 Rxf5 20. Qe4 Qf6 21. g4 Rf3 22. Bg5 Qxg5 23. Qxf3 Qc1+ 24. Kg2 Qg5 25. Rxd6 Rxd6 26. Rxd6 Bf8 27. Rd7 h5 28. Qf7+ Kh8 29. Qh7# {[W: 0:05:55; B: 0:07:18]} 1-0

[Event "Junior Online 4NCL Division 2"]
[Site "online"]
[Date "2021.03.18"]
[EventDate "2021.03.18"]
[Round "5.52"]
[White "Shah, Prem"]
[WhiteElo "1171"]
[WhiteTeam "Watford Juniors C"]
[Black "Datoo, Noor"]
[BlackElo "1233"]
[BlackTeam "Leicestershire Juniors 2"]
[Result "1-0"]
[PlyCount "33"]

1. e4 e5 2. Nf3 Nc6 3. Bb5 Bc5 4. Bxc6 dxc6 5. Nxe5 Nf6 6. Nc3 Qd4 7. Nd3 Ng4 8. Qf3 O-O 9. O-O Bd6 10. g3 Re8 11. Re1 c5 12. Nb5 Qf6 13. Qxf6 Nxf6 14. e5 c6 15. Nxd6 Re6 16. exf6 Rxd6 17. Re8# {[W: 0:07:17; B: 0:08:14]} 1-0

[Event "Junior Online 4NCL Division 2"]
[Site "online"]
[Date "2021.03.18"]
[EventDate "2021.03.18"]
[Round "5.53"]
[White "Eradi, Madhav"]
[WhiteElo "1125"]
[WhiteTeam "Leicestershire Juniors 2"]
[Black "Sriram, Gautam"]
[BlackElo "785"]
[BlackTeam "Watford Juniors C"]
[Result "1-0"]
[PlyCount "77"]

1. e4 Nc6 2. Nf3 e5 3. Bc4 Nh6 4. O-O Bc5 5. c3 O-O 6. d4 exd4 7. cxd4 Be7 8. Bxh6 gxh6 9. a3 Kh8 10. d5 Na5 11. Qe2 Bf6 12. e5 Bg7 13. Re1 Re8 14. b4 Nxc4 15. Qxc4 d6 16. e6 Bxa1 17. Nbd2 Bg7 18. Re3 Qf6 19. h3 fxe6 20. dxe6 Bxe6 21. Qxc7 Rac8 22. Qxd6 Rc1+ 23. Kh2 Rd8 24. Qxe6 Qxe6 25. Rxe6 Bc3 26. Ne4 Bb2 27. a4 Rc4 28. Nd6 Rxb4 29. Nf7+ Kg7 30. Nxd8 Bf6 31. Rd6 Kg6 32. h4 h5 33. Kh3 Rxa4 34. Nxb7 Ra3 35. Kh2 Ra2 36. Kg3 Ra3 37. Nc5 a5 38. Nd7 Rxf3+ 39. Kxf3 {[W: 0:04:15; B: 0:00:32]} 1-0

[Event "Junior Online 4NCL Division 2"]
[Site "online"]
[Date "2021.03.18"]
[EventDate "2021.03.18"]
[Round "5.54"]
[White "Mehta, Devina"]
[WhiteElo "799"]
[WhiteTeam "Watford Juniors C"]
[Black "Norton, Laurence"]
[BlackElo "1056"]
[BlackTeam "Leicestershire Juniors 2"]
[Result "0-1"]
[PlyCount "28"]

1. e4 d5 2. Nc3 Nf6 3. d3 d4 4. e5 Ng4 5. Nf3 Nc6 6. Be2 dxc3 7. bxc3 Ngxe5 8. d4 Nxf3+ 9. Kf1 Nfxd4 10. c4 Nxe2 11. Qxe2 Nd4 12. Qe3 Nxc2 13. Qc3 Qd1+ 14. Qe1 Qxe1# {[W: 0:11:24; B: 0:09:47]} 0-1

[Event "Junior Online 4NCL Division 2"]
[Site "online"]
[Date "2021.03.18"]
[EventDate "2021.03.18"]
[Round "5.55"]
[White "Chadha, Ishaan"]
[WhiteElo "1159"]
[WhiteTeam "Watford Juniors C"]
[Black "Singh, Aashish"]
[BlackElo "1400"]
[BlackTeam "Leicestershire Juniors 2"]
[Result "1-0"]
[PlyCount "71"]

1. d4 Nf6 2. Nc3 g6 3. e4 d6 4. Nf3 Bg7 5. Bg5 O-O 6. Bc4 Nc6 7. e5 dxe5 8. dxe5 Qxd1+ 9. Rxd1 Ng4 10. O-O Ngxe5 11. Nxe5 Bxe5 12. Nd5 Bd6 13. Bb5 Re8 14. Rfe1 e6 15. Nf6+ Kf8 16. Nxe8 Kxe8 17. c3 a6 18. Bxc6+ bxc6 19. b4 Kf8 20. a3 Kg7 21. c4 f6 22. c5 Bxh2+ 23. Kxh2 fxg5 24. Rd8 Kf7 25. Kg3 Ke7 26. Red1 e5 27. Rh8 h5 28. Rh7+ Kf6 29. Rd8 h4+ 30. Kh2 Bb7 31. Rdd7 a5 32. Rxc7 Bc8 33. Rxc6+ Kf5 34. Rf7+ Kg4 35. f3+ Kh5 36. Rh7# {[W: 0:06:18; B: 0:05:32]} 1-0

[Event "Junior Online 4NCL Division 2"]
[Site "online"]
[Date "2021.03.18"]
[EventDate "2021.03.18"]
[Round "5.56"]
[White "Datoo, Noor"]
[WhiteElo "1233"]
[WhiteTeam "Leicestershire Juniors 2"]
[Black "Shah, Prem"]
[BlackElo "1171"]
[BlackTeam "Watford Juniors C"]
[Result "0-1"]
[PlyCount "140"]

1. e4 c6 2. Nf3 d5 3. exd5 cxd5 4. d4 Nc6 5. Nc3 Nf6 6. Bf4 Bf5 7. Bd3 Bg4 8. h3 Bxf3 9. Qxf3 Nxd4 10. Bb5+ Nc6 11. O-O-O e6 12. Rhe1 Bd6 13. Bxd6 Qxd6 14. Nxd5 Nxd5 15. Rxd5 Qb4 16. Red1 O-O 17. Rg5 Nd4 18. Qg3 g6 19. Qe5 Nxb5 20. Qxb5 Qf4+ 21. Kb1 Qxf2 22. Qxb7 Qf6 23. Qb5 Rab8 24. Qe5 Qxe5 25. Rxe5 Kg7 26. g4 Kf6 27. Rde1 Rfd8 28. g5+ Kg7 29. a3 Rd5 30. Rxd5 exd5 31. Kc1 h6 32. h4 hxg5 33. hxg5 Rh8 34. Kd2 Rh2+ 35. Ke3 Rxc2 36. Kd4 Rxb2 37. Kxd5 Rg2 38. Re5 Rd2+ 39. Kc6 Ra2 40. Kd7 Rxa3 41. Ke8 a5 42. Re7 Rf3 43. Ra7 Rf5 44. Rb7 Rxg5 45. Rxf7+ Kh6 46. Rf4 Kh5 47. Kf7 Rg4 48. Rf3 Kg5 49. Rf2 a4 50. Ke6 a3 51. Ke5 Ra4 52. Rg2+ Rg4 53. Ra2 Rg3 54. Rf2 Re3+ 55. Kd4 Rb3 56. Ke5 Rb5+ 57. Ke4 Rb4+ 58. Ke5 Rg4 59. Ke6 Kh4 60. Ke5 g5 61. Kf5 Rf4+ 62. Ke5 Rxf2 63. Kd4 a2 64. Kc3 a1=Q+ 65. Kd3 Qd1+ 66. Ke4 Re2+ 67. Kf5 Qf1+ 68. Kg6 Re6+ 69. Kh7 Qf7+ 70. Kh8 Re8# {[W: 0:01:36; B: 0:06:37]} 0-1

[Event "Junior Online 4NCL Division 2"]
[Site "online"]
[Date "2021.03.18"]
[EventDate "2021.03.18"]
[Round "5.57"]
[White "Sriram, Gautam"]
[WhiteElo "785"]
[WhiteTeam "Watford Juniors C"]
[Black "Eradi, Madhav"]
[BlackElo "1125"]
[BlackTeam "Leicestershire Juniors 2"]
[Result "0-1"]
[PlyCount "54"]

1. Nf3 Nc6 2. e3 e5 3. d4 exd4 4. exd4 d5 5. Bb5 Bd7 6. O-O Nf6 7. Qe2+ Be7 8. Ng5 O-O 9. Bd3 Nxd4 10. Qd2 Ng4 11. c3 Bxg5 12. Qd1 Bxc1 13. cxd4 Bxb2 14. Nd2 Bxa1 15. Qxa1 Qg5 16. Nf3 Qf6 17. Qb1 Bc6 18. Bxh7+ Kh8 19. Bf5 Nh6 20. Bh3 Qg6 21. Qc1 Bb5 22. Ne5 Qh7 23. Re1 c6 24. Nd7 Rfe8 25. Rd1 Ba4 26. Rd3 Qxd3 27. Nc5 Qc2 {[W: 0:04:10; B: 0:05:13]} 0-1

[Event "Junior Online 4NCL Division 2"]
[Site "online"]
[Date "2021.03.18"]
[EventDate "2021.03.18"]
[Round "5.58"]
[White "Norton, Laurence"]
[WhiteElo "1056"]
[WhiteTeam "Leicestershire Juniors 2"]
[Black "Mehta, Devina"]
[BlackElo "799"]
[BlackTeam "Watford Juniors C"]
[Result "1-0"]
[PlyCount "67"]

1. e4 e5 2. Bc4 Nf6 3. Nf3 Nc6 4. Ng5 Qe7 5. Nxf7 Rg8 6. Nd6+ cxd6 7. Bxg8 Nxg8 8. Nc3 Qe6 9. Nd5 Nf6 10. Nc7+ Ke7 11. Nxe6 Kxe6 12. d3 Kf7 13. Bg5 Be7 14. Bxf6 Bxf6 15. Qh5+ Ke7 16. Qxh7 b6 17. h4 Nd4 18. Rc1 Ba6 19. h5 d5 20. exd5 Kd6 21. h6 Kxd5 22. hxg7 Bg5 23. g8=Q+ Rxg8 24. Qxg8+ Kd6 25. Qxg5 Kd5 26. c4+ Kc6 27. Rh6+ Kc7 28. Qxe5+ Kb7 29. Qxd4 Kc7 30. c5 Kb7 31. cxb6 Ka8 32. Qxd7 Kb8 33. Rh8+ Bc8 34. Rcxc8# {[W: 0:10:28; B: 0:10:28]} 1-0

[Event "Junior Online 4NCL Division 2"]
[Site "online"]
[Date "2021.03.18"]
[EventDate "2021.03.18"]
[Round "5.61"]
[White "Stapleton, Dean"]
[WhiteElo "1323"]
[WhiteTeam "Robin Hoods 1"]
[Black "Crewe, Ben"]
[BlackElo "1017"]
[BlackTeam "Rhodes Avenue Knights"]
[Result "1-0"]
[PlyCount "63"]

1. d4 d5 2. Bf4 Nf6 3. Nf3 Nc6 4. e3 a6 5. Bd3 Bg4 6. h3 Bh5 7. Nbd2 e6 8. O-O Bd6 9. Ne5 O-O 10. Be2 h6 11. Bxh5 Nxh5 12. Qxh5 Qf6 13. Qf3 Nxe5 14. dxe5 Qd8 15. exd6 cxd6 16. e4 dxe4 17. Nxe4 d5 18. Nd6 b5 19. Rad1 Qb6 20. b3 Rfd8 21. Qg3 h5 22. Bh6 g6 23. Qe5 f6 24. Qxe6+ Kh7 25. Bf4 Rg8 26. Qxf6 Raf8 27. Qe7+ Rg7 28. Qxf8 Qa7 29. Rfe1 Qd7 30. Rd2 Qa7 31. Re8 Rg8 32. Qxg8# {[W: 0:09:13; B: 0:01:29]} 1-0

[Event "Junior Online 4NCL Division 2"]
[Site "online"]
[Date "2021.03.18"]
[EventDate "2021.03.18"]
[Round "5.62"]
[White "Balsys, Leo"]
[WhiteElo "990"]
[WhiteTeam "Rhodes Avenue Knights"]
[Black "Griffin-Young, Sebastian"]
[BlackElo "1361"]
[BlackTeam "Robin Hoods 1"]
[Result "0-1"]
[PlyCount "36"]

1. e4 c5 2. Nf3 d6 3. Nc3 Nf6 4. Bc4 Nc6 5. d3 g6 6. Bg5 Bg7 7. Qe2 Bg4 8. O-O-O Nd4 9. Qe3 Qa5 10. h3 Bxf3 11. gxf3 b5 12. Bd5 Nxd5 13. Nxd5 e6 14. Nf6+ Bxf6 15. Bxf6 Rf8 16. Qh6 Qxa2 17. e5 Nxf3 18. exd6 Qa1# {[W: 0:09:47; B: 0:09:40]} 0-1

[Event "Junior Online 4NCL Division 2"]
[Site "online"]
[Date "2021.03.18"]
[EventDate "2021.03.18"]
[Round "5.63"]
[White "Humphreys, Benjamin"]
[WhiteElo "1277"]
[WhiteTeam "Robin Hoods 1"]
[Black "Bolt, James"]
[BlackElo "900"]
[BlackTeam "Rhodes Avenue Knights"]
[Result "1-0"]
[PlyCount "63"]

1. d4 d5 2. c4 e6 3. Nc3 Nf6 4. Bg5 Be7 5. Nf3 h6 6. Bxf6 Bxf6 7. e3 Nc6 8. cxd5 exd5 9. Bb5 Bd7 10. O-O a6 11. Ba4 b5 12. Bc2 Be6 13. a4 bxa4 14. Bxa4 Bd7 15. Nxd5 O-O 16. Qc2 Ne7 17. Qxc7 Qe8 18. Bxd7 Qxd7 19. Qxd7 Nxd5 20. Qxd5 Rad8 21. Qb3 Rb8 22. Qd3 Rxb2 23. Rxa6 Rc8 24. Rxf6 gxf6 25. Qf5 Rc6 26. Qd7 Rbc2 27. h3 Rc7 28. Qd8+ Kh7 29. Qxf6 R7c6 30. Qxf7+ Kh8 31. Ne5 Rc8 32. Ng6# {[W: 0:09:20; B: 0:05:47]} 1-0

[Event "Junior Online 4NCL Division 2"]
[Site "online"]
[Date "2021.03.18"]
[EventDate "2021.03.18"]
[Round "5.64"]
[White "Larcombe, Dominic"]
[WhiteElo "913"]
[WhiteTeam "Rhodes Avenue Knights"]
[Black "Tomsett, Jonah"]
[BlackElo "1274"]
[BlackTeam "Robin Hoods 1"]
[Result "1-0"]
[PlyCount "89"]

1. e4 e5 2. Nf3 Nc6 3. Bc4 Nf6 4. Ng5 d5 5. exd5 b5 6. Bxb5 Qxd5 7. Bxc6+ Qxc6 8. Nc3 Qxg2 9. Rf1 Qxg5 10. d4 Qg6 11. dxe5 Ng4 12. Nd5 Qc6 13. Nc3 Nxe5 14. Qe2 Be7 15. Qxe5 Bh3 16. Rg1 Rd8 17. Bg5 f6 18. Qg3 Qe6+ 19. Ne2 Rd2 20. Kxd2 fxg5 21. Qxc7 Rf8 22. Qb8+ Kf7 23. Qxa7 Rd8+ 24. Kc1 Qxe2 25. b3 g4 26. Kb2 Rc8 27. Rac1 Kg6 28. Qb6+ Bf6+ 29. Kb1 g3 30. Rxg3+ Bg4 31. Qd4 Qxf2 32. Qxf2 h5 33. h3 Rf8 34. hxg4 Be7 35. Qb6+ Kg5 36. gxh5+ Kxh5 37. Rh1+ Bh4 38. Qc5+ g5 39. Qxf8 Kg6 40. Rf3 Kh5 41. Rg1 Kg6 42. Qf6+ Kh5 43. Qh8+ Kg6 44. Qxh4 Kg7 45. Rxg5# {[W: 0:01:00; B: 0:03:20]} 1-0

[Event "Junior Online 4NCL Division 2"]
[Site "online"]
[Date "2021.03.18"]
[EventDate "2021.03.18"]
[Round "5.65"]
[White "Crewe, Ben"]
[WhiteElo "1017"]
[WhiteTeam "Rhodes Avenue Knights"]
[Black "Stapleton, Dean"]
[BlackElo "1323"]
[BlackTeam "Robin Hoods 1"]
[Result "0-1"]
[PlyCount "50"]

1. d4 d5 2. c4 e6 3. Nc3 Nf6 4. Bg5 Bb4 5. Qa4+ Nc6 6. cxd5 exd5 7. e3 O-O 8. Bb5 Bxc3+ 9. bxc3 Bd7 10. h3 a6 11. Bd3 b5 12. Qc2 b4 13. Nf3 bxc3 14. Qxc3 Qe8 15. Bxf6 gxf6 16. O-O Qc8 17. Qc2 Kh8 18. Bxh7 Bxh3 19. Rfc1 Bxg2 20. Qxc6 Qg4 21. Qxf6+ Kxh7 22. Ng5+ Kg8 23. Ne4 Bxe4+ 24. Kf1 Bd3+ 25. Ke1 Qe2# {[W: 0:05:54; B: 0:09:06]} 0-1

[Event "Junior Online 4NCL Division 2"]
[Site "online"]
[Date "2021.03.18"]
[EventDate "2021.03.18"]
[Round "5.66"]
[White "Griffin-Young, Sebastian"]
[WhiteElo "1361"]
[WhiteTeam "Robin Hoods 1"]
[Black "Balsys, Leo"]
[BlackElo "990"]
[BlackTeam "Rhodes Avenue Knights"]
[Result "0-1"]
[PlyCount "38"]

1. d4 d5 2. Bf4 Nc6 3. Nf3 Nf6 4. e3 Bf5 5. Bd3 Bg6 6. c3 Qd7 7. Qc2 O-O-O 8. Nbd2 b5 9. Bxb5 Bxc2 10. O-O Ng4 11. Rfc1 Be4 12. Ng5 Nxh2 13. Bxh2 Qg4 14. Ndf3 f5 15. Bxc6 Rd6 16. Ba4 f4 17. Bd1 Rg6 18. Bxf4 h6 19. Nh3 Qxg2# {[W: 0:09:45; B: 0:09:13]} 0-1

[Event "Junior Online 4NCL Division 2"]
[Site "online"]
[Date "2021.03.18"]
[EventDate "2021.03.18"]
[Round "5.67"]
[White "Bolt, James"]
[WhiteElo "900"]
[WhiteTeam "Rhodes Avenue Knights"]
[Black "Humphreys, Benjamin"]
[BlackElo "1277"]
[BlackTeam "Robin Hoods 1"]
[Result "0-1"]
[PlyCount "72"]

1. e4 e5 2. Nf3 Nf6 3. Nc3 Nc6 4. d3 d6 5. h3 h6 6. Be3 Be6 7. Be2 d5 8. exd5 Nxd5 9. Nxd5 Qxd5 10. O-O Be7 11. d4 e4 12. c4 Qd7 13. Ne5 Nxe5 14. dxe5 Bxh3 15. gxh3 Qxh3 16. Bg4 Qh4 17. Qd7+ Kf8 18. Qf5 Bg5 19. Bxg5 hxg5 20. Bh3 Qxh3 21. Qxh3 Rxh3 22. Rfd1 Ke7 23. b4 Rah8 24. Kg2 Rh2+ 25. Kf1 Rh1+ 26. Ke2 Rxd1 27. Rxd1 Rd8 28. Rg1 f6 29. exf6+ gxf6 30. Ke3 Rd3+ 31. Kxe4 Rd2 32. Rf1 Rxa2 33. Re1 Kf7 34. Kf5 Rxf2+ 35. Kg4 Rf4+ 36. Kh5 Rh4# {[W: 0:07:36; B: 0:08:18]} 0-1

[Event "Junior Online 4NCL Division 2"]
[Site "online"]
[Date "2021.03.18"]
[EventDate "2021.03.18"]
[Round "5.68"]
[White "Tomsett, Jonah"]
[WhiteElo "1274"]
[WhiteTeam "Robin Hoods 1"]
[Black "Larcombe, Dominic"]
[BlackElo "913"]
[BlackTeam "Rhodes Avenue Knights"]
[Result "1-0"]
[PlyCount "41"]

1. e4 e5 2. Nf3 Nc6 3. Bc4 Bc5 4. c3 Nf6 5. d4 exd4 6. cxd4 Nxd4 7. Nxd4 Nxe4 8. Nc3 Bxd4 9. Nxe4 Bc5 10. Nxc5 Qe7+ 11. Be3 d6 12. Nb3 O-O 13. Bd3 Be6 14. Qh5 h6 15. O-O Bd5 16. Bxh6 gxh6 17. Qxh6 f6 18. Rae1 Qf7 19. Re3 Rae8 20. Rg3+ Qg7 21. Qxg7# {[W: 0:08:43; B: 0:06:40]} 1-0

[Event "Junior Online 4NCL Division 2"]
[Site "online"]
[Date "2021.03.18"]
[EventDate "2021.03.18"]
[Round "5.71"]
[White "Jayaprabu, Jaden"]
[WhiteElo "1248"]
[WhiteTeam "Warwickshire Bears E"]
[Black "Murawski, Jan"]
[BlackElo "1497"]
[BlackTeam "Ojays C"]
[Result "0-1"]
[PlyCount "122"]

1. e4 e5 2. Nf3 Nc6 3. Bc4 Bc5 4. O-O Nf6 5. d3 d6 6. Bg5 h6 7. Bh4 g5 8. Bg3 Bg4 9. h3 Bh5 10. Nc3 Nd4 11. Nd5 c6 12. Ne3 Nxf3+ 13. gxf3 Bg6 14. Ng4 Nh5 15. Kg2 Nf4+ 16. Bxf4 gxf4 17. c3 h5 18. Nh2 Qg5+ 19. Kh1 Qh4 20. Kg2 Rg8 21. d4 Bf5+ 22. Kh1 Bxh3 23. Rg1 O-O-O 24. dxc5 Qxf2 25. Qe2 Bg2+ 26. Rxg2 Rxg2 27. Qxf2 Rxf2 28. Bxf7 dxc5 29. Bxh5 Rh8 30. Kg1 Rxh5 31. Kxf2 Rxh2+ 32. Kg1 Rxb2 33. a4 Kd7 34. c4 Rc2 35. a5 Rxc4 36. Kg2 Rc2+ 37. Kh3 Ke6 38. Kg4 Rg2+ 39. Kh3 Rg3+ 40. Kh2 Rxf3 41. a6 b6 42. Rd1 Ke7 43. Kg2 Re3 44. Kf2 Rxe4 45. Rg1 Ra4 46. Kf3 Rxa6 47. Ke4 Kf6 48. Rh1 Ra4+ 49. Kf3 Kg5 50. Rg1+ Kf5 51. Re1 e4+ 52. Kf2 Ra2+ 53. Kf1 f3 54. Rc1 Kf4 55. Re1 Rh2 56. Kg1 f2+ 57. Kxh2 fxe1=Q 58. Kg2 Qg3+ 59. Kh1 Qg4 60. Kh2 Kf3 61. Kh1 Qg2# {[W: 0:04:54; B: 0:06:36]} 0-1

[Event "Junior Online 4NCL Division 2"]
[Site "online"]
[Date "2021.03.18"]
[EventDate "2021.03.18"]
[Round "5.72"]
[White "Li, Reya"]
[WhiteElo "1468"]
[WhiteTeam "Ojays C"]
[Black "Kuang, Felix"]
[BlackElo "1285"]
[BlackTeam "Warwickshire Bears E"]
[Result "1-0"]
[PlyCount "53"]

1. e4 e5 2. Nf3 Nc6 3. Bc4 Nf6 4. d3 Bc5 5. c3 d6 6. a4 a6 7. b4 Ba7 8. O-O O-O 9. Bg5 h6 10. Bh4 Be6 11. Qb3 Bxc4 12. Qxc4 Qe7 13. Nbd2 Rac8 14. b5 Nd8 15. bxa6 bxa6 16. Qxa6 Ra8 17. Qc4 Ne6 18. d4 exd4 19. cxd4 Rac8 20. e5 d5 21. Qc3 c6 22. exf6 gxf6 23. Qe3 Kh7 24. Ne5 Qd6 25. Ng4 f5 26. Qxh6+ Kg8 27. Nf6# {[W: 0:06:23; B: 0:04:51]} 1-0

[Event "Junior Online 4NCL Division 2"]
[Site "online"]
[Date "2021.03.18"]
[EventDate "2021.03.18"]
[Round "5.73"]
[White "Patel, Diah Dipal"]
[WhiteElo "1241"]
[WhiteTeam "Warwickshire Bears E"]
[Black "Bridson, Ewan"]
[BlackElo "1431"]
[BlackTeam "Ojays C"]
[Result "1/2-1/2"]
[PlyCount "112"]

1. e4 e5 2. Nf3 Nf6 3. Nc3 Bc5 4. Bc4 d6 5. d3 h6 6. Bd2 Bg4 7. Qe2 Nc6 8. h3 Bh5 9. Rg1 Nd4 10. Qd1 Qe7 11. g4 Bg6 12. Nxd4 exd4 13. Nd5 Nxd5 14. Bxd5 c6 15. Bb3 d5 16. Qe2 dxe4 17. dxe4 O-O 18. O-O-O Bxe4 19. f3 d3 20. Qe1 Bxg1 21. fxe4 dxc2 22. Bxc2 Bc5 23. e5 Rfe8 24. Qe4 g6 25. Bb3 Qxe5 26. Qxg6+ Qg7 27. Qf5 Bb6 28. Rf1 Re7 29. g5 hxg5 30. Bxg5 Rc7 31. Bf4 Re7 32. Bd6 Qh6+ 33. Bf4 Be3+ 34. Bxe3 Qxe3+ 35. Kb1 Qe4+ 36. Qxe4 Rxe4 37. Bxf7+ Kg7 38. Bb3 Rae8 39. Rf7+ Kg6 40. Rxb7 Re1+ 41. Kc2 R8e2+ 42. Kc3 Re3+ 43. Kb4 Rxh3 44. Bc2+ Kg5 45. Rg7+ Kf6 46. Rg6+ Ke5 47. Bb3 Re4+ 48. Ka3 Kf5 49. Rxc6 a5 50. Rc5+ Kf4 51. Rxa5 Ke3 52. Rc5 Kf4 53. Rc6 Ke5 54. Rc5+ Kf4 55. Rc6 Kg4 56. Rg6+ Kf4 {[W: 0:02:53; B: 0:01:08]} 1/2-1/2

[Event "Junior Online 4NCL Division 2"]
[Site "online"]
[Date "2021.03.18"]
[EventDate "2021.03.18"]
[Round "5.74"]
[White "Masacorale, Jamie"]
[WhiteElo "1408"]
[WhiteTeam "Ojays C"]
[Black "Walker, Jamie"]
[BlackElo "1233"]
[BlackTeam "Warwickshire Bears E"]
[Result "0-1"]
[PlyCount "56"]

1. d4 d5 2. Nf3 e6 3. Bf4 c5 4. e3 Nc6 5. c4 Qb6 6. Qd2 Nf6 7. Nc3 Ne4 8. Nxe4 dxe4 9. Ne5 Nxe5 10. Bxe5 Bd7 11. Be2 Bc6 12. O-O Rd8 13. f3 f6 14. Bg3 cxd4 15. exd4 Rxd4 16. Qc2 Rd2+ 17. Bf2 Rxc2 18. Bxb6 axb6 19. Bd1 Rxc4 20. fxe4 Bxe4 21. Bf3 Bxf3 22. Rxf3 Bc5+ 23. Kf1 Kf7 24. Rd1 Ke7 25. Rfd3 Rf4+ 26. Ke2 Rf2+ 27. Ke1 Kf7 28. Rd7+ Kg6 {[W: 0:09:17; B: 0:09:09]} 0-1

[Event "Junior Online 4NCL Division 2"]
[Site "online"]
[Date "2021.03.18"]
[EventDate "2021.03.18"]
[Round "5.75"]
[White "Murawski, Jan"]
[WhiteElo "1497"]
[WhiteTeam "Ojays C"]
[Black "Jayaprabu, Jaden"]
[BlackElo "1248"]
[BlackTeam "Warwickshire Bears E"]
[Result "1-0"]
[PlyCount "33"]

1. d4 d5 2. c4 dxc4 3. e4 c5 4. d5 Nf6 5. Nc3 e6 6. Bxc4 exd5 7. Nxd5 Nxe4 8. Qe2 Be6 9. Qxe4 Nc6 10. Nf4 Nd4 11. Nxe6 Nxe6 12. Bxe6 Qb6 13. Bb3+ Be7 14. Bg5 f6 15. Qa4+ Kf8 16. Be3 Rd8 17. Nf3 {[W: 0:07:34; B: 0:04:34]} 1-0

[Event "Junior Online 4NCL Division 2"]
[Site "online"]
[Date "2021.03.18"]
[EventDate "2021.03.18"]
[Round "5.76"]
[White "Kuang, Felix"]
[WhiteElo "1285"]
[WhiteTeam "Warwickshire Bears E"]
[Black "Li, Reya"]
[BlackElo "1468"]
[BlackTeam "Ojays C"]
[Result "0-1"]
[PlyCount "78"]

1. e4 d5 2. exd5 Qxd5 3. Nc3 Qa5 4. Nf3 Nf6 5. d3 c6 6. Be3 Bf5 7. Be2 e6 8. Qd2 Bd6 9. O-O O-O 10. a3 Nbd7 11. b4 Qc7 12. Rfe1 Rad8 13. Rad1 b5 14. h3 a5 15. Rb1 Qc8 16. d4 Nd5 17. Nxd5 cxd5 18. Rbc1 axb4 19. axb4 Qb7 20. c3 Nf6 21. Ne5 Ne4 22. Qb2 Ra8 23. Ra1 Rxa1 24. Rxa1 Rc8 25. Rc1 f6 26. Nf3 e5 27. dxe5 fxe5 28. Bd3 h6 29. Bxe4 Bxe4 30. Nd2 Bd3 31. Nf3 e4 32. Nd2 Be5 33. f3 Qc6 34. Bc5 Bd6 35. Bxd6 Qxd6 36. fxe4 dxe4 37. Kf2 Qb6+ 38. Ke1 Qe3+ 39. Kd1 Qe2# {[W: 0:00:57; B: 0:01:15]} 0-1

[Event "Junior Online 4NCL Division 2"]
[Site "online"]
[Date "2021.03.18"]
[EventDate "2021.03.18"]
[Round "5.77"]
[White "Bridson, Ewan"]
[WhiteElo "1431"]
[WhiteTeam "Ojays C"]
[Black "Patel, Diah Dipal"]
[BlackElo "1241"]
[BlackTeam "Warwickshire Bears E"]
[Result "0-1"]
[PlyCount "59"]

1. e4 e5 2. Nf3 Nc6 3. Bc4 Nf6 4. O-O Nxe4 5. Nc3 Nxc3 6. dxc3 Bc5 7. Ng5 d5 8. Bxd5 Be6 9. Nxe6 fxe6 10. Bxe6 Qe7 11. Qh5+ g6 12. Qh3 Nd8 13. Bc4 Nc6 14. Rd1 Rf8 15. Be3 Bxe3 16. Qxe3 Nb8 17. Rd5 Nd7 18. Bb5 O-O-O 19. Qxa7 c6 20. Bxc6 bxc6 21. Qa8+ Nb8 22. Rd3 Rxd3 23. cxd3 Qf7 24. f3 g5 25. Qa4 h5 26. Re1 g4 27. Qe4 gxf3 28. gxf3 Rg8+ 29. Kf1 Qa7 30. Qxe5 {[W: 0:00:55; B: 0:05:05]} 0-1

[Event "Junior Online 4NCL Division 2"]
[Site "online"]
[Date "2021.03.18"]
[EventDate "2021.03.18"]
[Round "5.78"]
[White "Walker, Jamie"]
[WhiteElo "1233"]
[WhiteTeam "Warwickshire Bears E"]
[Black "Masacorale, Jamie"]
[BlackElo "1408"]
[BlackTeam "Ojays C"]
[Result "0-1"]
[PlyCount "130"]

1. e4 c5 2. c3 d5 3. e5 Nc6 4. Nf3 Bg4 5. d4 cxd4 6. cxd4 Bxf3 7. gxf3 e6 8. Nc3 Bb4 9. Bd2 Nge7 10. Qc2 Nxd4 11. Qd3 Nef5 12. Bh3 O-O 13. Bxf5 Nxf5 14. O-O-O Rc8 15. Kb1 Qa5 16. Rc1 Rc7 17. Rhg1 Kh8 18. Rg5 Qc5 19. Na4 Qxc1+ 20. Bxc1 Rfc8 21. Bf4 h6 22. Rh5 g5 23. Rxh6+ Nxh6 24. Bxg5 Nf5 25. Bf6+ Kg8 26. a3 Be7 27. Qf1 Rc1+ 28. Qxc1 Rxc1+ 29. Kxc1 Bxf6 30. exf6 Kh7 31. Nc5 b6 32. Nd7 Nd6 33. Kc2 Kg6 34. Kd3 Ne8 35. Ke3 Nxf6 36. Nxf6 Kxf6 37. Kd4 Kf5 38. Ke3 e5 39. b4 f6 40. a4 d4+ 41. Kd3 Kf4 42. Kc4 Kxf3 43. Kb5 d3 44. Ka6 d2 45. Kxa7 d1=Q 46. Kxb6 Qxa4 47. b5 Ke4 48. h4 Kd5 49. h5 Qh4 50. h6 Qxh6 51. f4 f5+ 52. Ka7 exf4 53. b6 Qxb6+ 54. Kxb6 f3 55. Kb5 f2 56. Kb4 f1=Q 57. Kc3 Qc4+ 58. Kd2 Kd4 59. Ke1 Qd3 60. Kf2 Qe3+ 61. Kg2 Ke4 62. Kh2 Qf3 63. Kg1 Qe2 64. Kh1 Kf3 65. Kg1 Kg3 {[W: 0:10:47; B: 0:09:55]} 0-1